000 01038cam a2200313 a 4500
001 3546127
003 OSt
005 20210928120122.0
008 971010s1997 caua 001 0 eng
010 _a 97061716
020 _a078212108X
035 _a(DLC) 97061716
038 _akhadija
040 _aDLC
_cDLC
_dDLC
050 0 0 _aT385
_b.O48263 1998
082 0 0 _a620.0042
_221
_bOMU
100 1 _aOmura, George.
_951943
245 1 0 _aMastering AutoCad 14 for mechanical engineers /
_cGeorge Omura, Steven Keith.
260 _aSan Francisco :
_bSybex,
_cc1998.
300 _axxx, 1135 p. :
_bill. ;
_c23 cm. +
_e1 computer laser optical disc (4 3/4 in.)
500 _aIncludes index.
563 _apaperback
630 0 0 _aAutoCAD.
_96344
650 0 _aComputer graphics.
_91225
700 1 _aKeith, Steven.
_951944
906 _a7
_bcbc
_corignew
_d2
_eopcn
_f19
_gy-gencatlg
942 _2ddc
_cBK
999 _c31652
_d31652